| 000 | 00425nam a2200157Ia 4500 | ||
|---|---|---|---|
| 008 | 210716s1987 xx 000 0 und d | ||
| 020 | _a9971848724 | ||
| 041 | _aeng | ||
| 082 | _a005.268 DURD | ||
| 100 | _aDurant, David;Carlson, Geta;Yao, Paul. | ||
| 245 | _aProgrammers guide to windows. | ||
| 250 | _a1 | ||
| 260 |
_aNew Delhi _bTech Publications _c1987 |
||
| 300 | _axxiii,645 | ||
| 650 | _aMicrosoft Windows(005.269) | ||
| 999 |
_c180986 _d180986 |
||